[Event "Women's Speed Chess Main"]
[Site "chess.com INT"]
[Date "2021.06.19"]
[Round "1.27"]
[White "Osmak, Iulija"]
[Black "Muzychuk, Anna"]
[Result "0-1"]
[WhiteTitle "IM"]
[BlackTitle "GM"]
[WhiteElo "2418"]
[BlackElo "2535"]
[WhiteFideId "14101602"]
[BlackFideId "14111330"]
[EventDate "2021.06.12"]

1. c4 f5 2. d4 Nf6 3. Nc3 d6 4. Bg5 Nbd7 5. Nf3 g6 6. h4 c6 7. Qd2 h6 8. Bf4 Bg7
9. e3 Qa5 10. Bd3 e5 11. b4 Qc7 12. dxe5 dxe5 13. Bh2 a5 14. b5 O-O 15. bxc6
bxc6 16. Be2 Ng4 17. Rd1 Nxh2 18. Nxh2 Nc5 19. g4 e4 20. h5 g5 21. gxf5 Bxf5 22.
Qc2 Rad8 23. O-O Nd3 24. Ng4 Qc8 25. Nh2 Qe6 26. c5 Qc4 27. Qb3 Qxb3 28. axb3
Bxc3 0-1

[Event "Women's Speed Chess Main"]
[Site "chess.com INT"]
[Date "2021.06.19"]
[Round "1.31"]
[White "Muzychuk, Anna"]
[Black "Osmak, Iulija"]
[Result "1-0"]
[WhiteTitle "GM"]
[BlackTitle "IM"]
[WhiteElo "2535"]
[BlackElo "2418"]
[WhiteFideId "14111330"]
[BlackFideId "14101602"]
[EventDate "2021.06.12"]

1. e4 Nc6 2. Nf3 d6 3. d4 Bg4 4. Be3 Nf6 5. Nc3 e5 6. Bb5 exd4 7. Qxd4 Be7 8. h3
Bd7 9. Qd2 a6 10. Bd3 Nb4 11. Be2 a5 12. O-O O-O 13. Nd4 Nc6 14. Rad1 Re8 15.
Rfe1 Bf8 16. Bc4 Ne5 17. Bf1 Ng6 18. Bg5 h6 19. Bxf6 Qxf6 20. Nd5 Qd8 21. g3 c6
22. Nc3 b5 23. Bg2 b4 24. Nce2 Rc8 25. Nf5 Bxf5 26. exf5 Ne5 27. Nd4 d5 28. b3
Qf6 29. Qf4 Nd7 30. Qd2 Bd6 31. Rxe8+ Rxe8 32. Nxc6 Bxg3 33. fxg3 Qxc6 34. Qxd5
Qb6+ 35. Qd4 Re1+ 36. Kh2 Rxd1 37. Qxd1 Nf6 38. Qd3 Qc5 39. Qc4 Qe5 40. Qd3 h5
41. Qc4 Kh7 42. Qf4 Qc5 43. Be4 Kg8 44. Bd3 Qd5 45. g4 h4 46. g5 Nd7 47. Qxh4
Qe5+ 48. Qg3 Qe3 49. Qxe3 1-0

[Event "Women's Speed Chess Main"]
[Site "chess.com INT"]
[Date "2021.06.19"]
[Round "1.32"]
[White "Osmak, Iulija"]
[Black "Muzychuk, Anna"]
[Result "0-1"]
[WhiteTitle "IM"]
[BlackTitle "GM"]
[WhiteElo "2418"]
[BlackElo "2535"]
[WhiteFideId "14101602"]
[BlackFideId "14111330"]
[EventDate "2021.06.12"]

1. b4 e5 2. Bb2 Bxb4 3. Bxe5 Nf6 4. e3 O-O 5. Nf3 d5 6. Be2 c5 7. O-O Nc6 8. Bb2
Ba5 9. d3 d4 10. e4 Bc7 11. Nbd2 b5 12. a4 b4 13. Nc4 Re8 14. g3 Be6 15. Nfd2
Bxc4 16. Nxc4 Na5 17. Nxa5 Bxa5 18. f4 Rb8 19. Bc1 Qd7 20. Bf3 Qe6 21. Bd2 Bc7
22. Qe2 b3 23. cxb3 Rxb3 24. Rac1 Qe7 25. e5 Nd7 26. Bd5 Rb2 27. Qd1 Nb6 28. Bb3
Qd7 29. a5 Nd5 30. Rxc5 Ne3 31. Bxe3 dxe3 32. Rd5 Qh3 33. Bc2 h5 34. Qe2 h4 35.
Rf3 Reb8 36. gxh4 Qg4+ 37. Kh1 Rb1+ 38. Bxb1 Rxb1+ 39. Qf1 Rxf1+ 40. Rxf1 e2 41.
Re1 Qf3+ 0-1

[Event "Women's Speed Chess Main"]
[Site "chess.com INT"]
[Date "2021.06.19"]
[Round "1.33"]
[White "Muzychuk, Anna"]
[Black "Osmak, Iulija"]
[Result "1-0"]
[WhiteTitle "GM"]
[BlackTitle "IM"]
[WhiteElo "2535"]
[BlackElo "2418"]
[WhiteFideId "14111330"]
[BlackFideId "14101602"]
[EventDate "2021.06.12"]

1. e4 e6 2. d4 d5 3. Nc3 Bb4 4. e5 b6 5. a3 Bf8 6. Nf3 Ne7 7. Bd3 Ng6 8. h4 c5
9. h5 Ne7 10. Bg5 Bd7 11. Nb5 Bxb5 12. Bxb5+ Nd7 13. c4 a6 14. Bxd7+ Qxd7 15.
dxc5 bxc5 16. O-O d4 17. h6 gxh6 18. Bf6 Rg8 19. Qd3 Nf5 20. Nd2 Be7 21. Ne4 Rg6
22. Bxe7 Qxe7 23. Nf6+ Rxf6 24. exf6 Qxf6 25. b4 Rc8 26. bxc5 Rxc5 27. Rab1 Kf8
28. Rb8+ Kg7 29. Rfb1 Qg6 30. Rd8 Re5 31. Rbb8 Ne7 32. Rxd4 Re1+ 33. Kh2 Qh5+
34. Qh3 Qe5+ 35. Qg3+ Qxg3+ 36. fxg3 Nf5 37. Rd7 Rc1 38. Rbb7 Rxc4 39. Rxf7+ Kg6
40. Rxh7 Rc3 41. Rh8 Rxa3 42. Rg8+ Kh5 43. g4+ Kh4 44. gxf5 exf5 45. Rb4+ Kh5
46. Rf4 Ra5 47. Rf3 Rb5 48. Rh3# 1-0

[Event "Women's Speed Chess Main"]
[Site "chess.com INT"]
[Date "2021.06.19"]
[Round "1.34"]
[White "Osmak, Iulija"]
[Black "Muzychuk, Anna"]
[Result "0-1"]
[WhiteTitle "IM"]
[BlackTitle "GM"]
[WhiteElo "2418"]
[BlackElo "2535"]
[WhiteFideId "14101602"]
[BlackFideId "14111330"]
[EventDate "2021.06.12"]

1. b4 e5 2. Bb2 Bxb4 3. Bxe5 Nf6 4. c3 Ba5 5. g3 O-O 6. Bg2 Nc6 7. Bf4 d5 8. Nf3
Re8 9. O-O Bf5 10. d3 Qd7 11. Nd4 Bxc3 12. Nxc3 Nxd4 13. e3 Ne6 14. Be5 Ng4 15.
Bf4 Nxf4 16. gxf4 d4 17. e4 dxc3 18. exf5 Qxf5 19. h3 Nf6 20. Qf3 c6 21. Rfc1
Qc5 22. d4 Qxd4 23. Rxc3 Nd5 24. Rcc1 Qxf4 25. Qxf4 Nxf4 26. Bf1 Rad8 27. Rab1
Re7 28. Rc4 g5 29. Rb3 Rd1 30. Rg3 Ne2+ 0-1

[Event "Women's Speed Chess Main"]
[Site "chess.com INT"]
[Date "2021.06.19"]
[Round "1.35"]
[White "Muzychuk, Anna"]
[Black "Osmak, Iulija"]
[Result "1/2-1/2"]
[WhiteTitle "GM"]
[BlackTitle "IM"]
[WhiteElo "2535"]
[BlackElo "2418"]
[WhiteFideId "14111330"]
[BlackFideId "14101602"]
[EventDate "2021.06.12"]

1. e4 e6 2. d4 d5 3. Nc3 Bb4 4. e5 b6 5. a3 Bf8 6. Nf3 Ne7 7. Bd3 Ba6 8. Bxa6
Nxa6 9. O-O Ng6 10. Ne2 Qd7 11. h4 Be7 12. h5 Nh4 13. Nxh4 Bxh4 14. Qd3 Nb8 15.
g3 Be7 16. Kg2 c5 17. c3 Nc6 18. b4 cxd4 19. cxd4 O-O-O 20. Bd2 Kb7 21. b5 Nb8
22. a4 Rc8 23. a5 Rc4 24. axb6 axb6 25. Qb3 Rhc8 26. Ra2 Qe8 27. Rfa1 Kc7 28.
Ra7+ Kd8 29. h6 gxh6 30. Bxh6 Nd7 31. Rb7 f6 32. Raa7 R4c7 33. Rxc7 Rxc7 34.
Ra8+ Rc8 35. Rxc8+ Kxc8 36. Nf4 Bd8 37. Qc2+ Kb8 38. Qxh7 fxe5 39. dxe5 Nxe5 40.
Ne2 Nc4 41. Nd4 Bc7 42. Nc6+ Kb7 43. Qg7 e5 44. Bg5 Qc8 45. Bd8 e4 46. Qf7 e3
47. Qxd5 exf2 48. Ne7+ Kb8 49. Nxc8 f1=Q+ 50. Kxf1 Ne3+ 51. Kf2 Nxd5 52. Bxc7+
Kxc7 53. Nxb6 Kxb6 54. Kf3 Kxb5 55. Ke4 Nf6+ 56. Kf5 Nd5 57. Ke5 Ne3 58. Kf4
Nd5+ 59. Ke4 Nf6+ 60. Ke5 Ng4+ 61. Kf4 Nf6 62. Kf5 Nd5 63. Ke4 1/2-1/2

[Event "Women's Speed Chess Main"]
[Site "chess.com INT"]
[Date "2021.06.19"]
[Round "1.36"]
[White "Osmak, Iulija"]
[Black "Muzychuk, Anna"]
[Result "0-1"]
[WhiteTitle "IM"]
[BlackTitle "GM"]
[WhiteElo "2418"]
[BlackElo "2535"]
[WhiteFideId "14101602"]
[BlackFideId "14111330"]
[EventDate "2021.06.12"]

1. b4 e5 2. Bb2 Bxb4 3. Bxe5 Nf6 4. e3 O-O 5. Nf3 d5 6. Be2 c5 7. O-O Nc6 8. Bb2
Ba5 9. d3 d4 10. Nbd2 dxe3 11. fxe3 Bc7 12. e4 Ng4 13. Nc4 b5 14. h3 bxc4 15.
hxg4 cxd3 16. cxd3 Bxg4 17. Qd2 Bxf3 18. Rxf3 Be5 19. Rc1 Bxb2 20. Qxb2 Qd4+ 21.
Qxd4 Nxd4 22. Rf2 Rfc8 23. Bg4 Rc6 24. Rb2 g6 25. Kf2 h5 26. Bd1 Rb6 27. Rd2 Rc8
28. Ke3 Kg7 29. Ba4 Rc7 30. Rc4 a5 31. Rf2 Rb4 32. Rxb4 axb4 33. Rb2 Ra7 34. Bd1
Kf6 35. Kf4 Ra3 36. Ke3 Ke5 37. Rf2 f6 38. g3 c4 0-1

[Event "Women's Speed Chess Main"]
[Site "chess.com INT"]
[Date "2021.06.19"]
[Round "1.37"]
[White "Muzychuk, Anna"]
[Black "Osmak, Iulija"]
[Result "1-0"]
[WhiteTitle "GM"]
[BlackTitle "IM"]
[WhiteElo "2535"]
[BlackElo "2418"]
[WhiteFideId "14111330"]
[BlackFideId "14101602"]
[EventDate "2021.06.12"]

1. e4 e6 2. d4 d5 3. Nc3 Bb4 4. e5 Qd7 5. a3 Bxc3+ 6. bxc3 b6 7. Qg4 f5 8. Qg3
Nc6 9. h4 Bb7 10. Nh3 O-O-O 11. Nf4 Nh6 12. a4 Na5 13. Ba3 Rhg8 14. Bb4 Nc4 15.
Bxc4 dxc4 16. a5 Nf7 17. f3 Nxe5 18. dxe5 Qd2+ 19. Kf1 Qxc2 20. Kg1 Rd2 21. axb6
axb6 22. Nxe6 Re8 23. Nd4 Qb2 24. Kh2 f4 25. Qg4+ Kb8 26. Qxg7 Rxe5 27. Rhb1 1-0

[Event "Women's Speed Chess Main"]
[Site "chess.com INT"]
[Date "2021.06.19"]
[Round "1.38"]
[White "Osmak, Iulija"]
[Black "Muzychuk, Anna"]
[Result "0-1"]
[WhiteTitle "IM"]
[BlackTitle "GM"]
[WhiteElo "2418"]
[BlackElo "2535"]
[WhiteFideId "14101602"]
[BlackFideId "14111330"]
[EventDate "2021.06.12"]

1. d4 Nf6 2. Bf4 d5 3. e3 c5 4. c3 e6 5. Nd2 Bd6 6. Ngf3 Qc7 7. Bxd6 Qxd6 8.
dxc5 Qxc5 9. Bd3 Nc6 10. O-O O-O 11. Qe2 b6 12. e4 Bb7 13. e5 Nd7 14. Bxh7+ Kxh7
15. Ng5+ Kg6 16. Qg4 Ncxe5 17. Qg3 Kf6 18. Nh7+ Ke7 19. Nxf8 Kxf8 20. Nb3 Qe7
21. f4 Nc4 22. f5 Nf6 23. fxe6 fxe6 24. Rae1 Kg8 25. Nd4 Ne4 26. Qg4 Re8 27. h3
Ne5 28. Qh5 Nd3 29. Re3 Nxb2 30. Rfe1 Rf8 31. Qg6 Qf6 32. Qg4 Bc8 33. Rf3 Qg5
34. Rxf8+ Kxf8 35. Rxe4 Qxg4 36. Rxg4 e5 37. Rg5 exd4 38. cxd4 Be6 39. Re5 Kf7
40. Re3 Nc4 41. Rc3 b5 42. Kf2 b4 43. Rc1 a5 44. Kf3 Bf5 45. g4 Be4+ 46. Kf4 a4
47. Rxc4 dxc4 48. Kxe4 b3 49. axb3 a3 50. bxc4 a2 51. c5 a1=Q 52. c6 Qc1 53. d5
Ke7 54. Ke5 Qc3+ 55. Ke4 Kd6 56. h4 Qc4+ 57. Kf5 Qxd5+ 58. Kg6 Qxc6 59. Kxg7 Qe4
60. Kf6 Qxg4 61. h5 Qxh5 62. Kg7 Qf5 0-1

[Event "Women's Speed Chess Main"]
[Site "chess.com INT"]
[Date "2021.06.20"]
[Round "1.11"]
[White "Mammadova, Gulnar"]
[Black "Hou, Yifan"]
[Result "0-1"]
[WhiteTitle "IM"]
[BlackTitle "GM"]
[WhiteElo "2382"]
[BlackElo "2658"]
[WhiteFideId "13403508"]
[BlackFideId "8602980"]
[EventDate "2021.06.12"]

1. e4 e6 2. Qe2 c5 3. g3 Nc6 4. c3 d5 5. d3 Nf6 6. Nf3 Be7 7. Bg2 O-O 8. O-O b6
9. e5 Nd7 10. Re1 a5 11. Nbd2 Ba6 12. Nf1 a4 13. h4 b5 14. a3 Qc7 15. N1h2 b4
16. h5 bxc3 17. bxc3 Rfb8 18. Ng4 Rb3 19. Qc2 Rab8 20. Ra2 Qa5 21. Bd2 Qb5 22.
Bf1 Rb1 23. Kg2 Rxe1 24. Bxe1 Qb3 25. Qd2 d4 26. c4 Bd8 27. h6 g6 28. Ra1 Qb2
29. Qd1 Bc7 30. Qxa4 Bb7 31. Rd1 Ncxe5 32. Kh3 Bxf3 33. Nxe5 Nxe5 34. Rd2 Qb7
35. Qc2 Bg4+ 36. Kh2 Nf3+ 0-1

[Event "Women's Speed Chess Main"]
[Site "chess.com INT"]
[Date "2021.06.20"]
[Round "1.12"]
[White "Hou, Yifan"]
[Black "Mammadova, Gulnar"]
[Result "1-0"]
[WhiteTitle "GM"]
[BlackTitle "IM"]
[WhiteElo "2658"]
[BlackElo "2382"]
[WhiteFideId "8602980"]
[BlackFideId "13403508"]
[EventDate "2021.06.12"]

1. e4 e6 2. d4 d5 3. Nc3 Bb4 4. e5 c5 5. a3 Bxc3+ 6. bxc3 Qa5 7. Bd2 Qa4 8. Nf3
b6 9. c4 Ba6 10. cxd5 Bxf1 11. Kxf1 exd5 12. dxc5 bxc5 13. g3 Ne7 14. Kg2 O-O
15. c3 Qxd1 16. Rhxd1 h6 17. Rab1 Nbc6 18. Be3 c4 19. Rb7 Rfb8 20. Rdb1 Rxb7 21.
Rxb7 Ng6 22. Rc7 Ncxe5 23. Nxe5 Nxe5 24. Bxa7 f6 25. a4 Nc6 26. Bb6 Na5 27. Ra7
Rxa7 28. Bxa7 Kf7 29. Bb6 Nc6 30. a5 Nb8 31. Kf3 Ke6 32. Bc5 h5 33. h4 g6 34.
Ke3 Kd7 35. Kd4 Kc6 36. Be7 Nd7 37. a6 f5 38. a7 Nb6 39. Bd8 Na8 40. Ke5 Kc5 41.
Ba5 Kb5 42. Bb4 Kc6 43. Kf6 Kb7 44. Kxg6 Nc7 45. Kxh5 Na6 46. Ba3 Nc7 47. Kg6
Nb5 48. Bb2 Nd6 49. h5 Ne4 50. h6 Kxa7 51. h7 Nxf2 52. h8=Q Nd3 53. Qd4+ 1-0

[Event "Women's Speed Chess Main"]
[Site "chess.com INT"]
[Date "2021.06.20"]
[Round "1.13"]
[White "Mammadova, Gulnar"]
[Black "Hou, Yifan"]
[Result "0-1"]
[WhiteTitle "IM"]
[BlackTitle "GM"]
[WhiteElo "2382"]
[BlackElo "2658"]
[WhiteFideId "13403508"]
[BlackFideId "8602980"]
[EventDate "2021.06.12"]

1. e4 e6 2. d4 d5 3. exd5 exd5 4. Nf3 Nf6 5. Bd3 Bd6 6. O-O O-O 7. h3 c6 8. c3
Re8 9. Qc2 Nbd7 10. Bg5 Qc7 11. Nbd2 h6 12. Bxf6 Nxf6 13. Rfe1 Bd7 14. Bf5 Bf4
15. Bxd7 Qxd7 16. Qd3 Qd6 17. Qf5 g6 18. Qd3 Kg7 19. Kf1 h5 20. g3 Bxd2 21. Nxd2
h4 22. Kg2 hxg3 23. fxg3 Re6 24. Rxe6 Qxe6 25. Rf1 Rh8 26. g4 Re8 27. Qf3 Ne4
28. Nb3 Ng5 29. Qf4 Qe3 30. Qxe3 Rxe3 31. h4 Ne4 32. Nc1 Rg3+ 33. Kh2 Rxg4 34.
Kh3 Rg3+ 35. Kh2 Re3 36. a4 f6 37. Kg2 Kh6 38. a5 Kh5 39. Rh1 Kg4 40. Kf1 Rf3+
41. Kg2 Rf2+ 42. Kg1 Rxb2 43. h5 gxh5 44. Nd3 Rb1+ 45. Kg2 Rxh1 46. Kxh1 Kf3 47.
Kh2 Ke3 48. Nb4 a6 49. Kh3 Nxc3 50. Kh4 Kxd4 51. Kxh5 Kc4 52. Nc2 d4 53. Kg4 d3
54. Ne3+ Kb3 55. Kf3 d2 0-1

[Event "Women's Speed Chess Main"]
[Site "chess.com INT"]
[Date "2021.06.20"]
[Round "1.14"]
[White "Hou, Yifan"]
[Black "Mammadova, Gulnar"]
[Result "1/2-1/2"]
[WhiteTitle "GM"]
[BlackTitle "IM"]
[WhiteElo "2658"]
[BlackElo "2382"]
[WhiteFideId "8602980"]
[BlackFideId "13403508"]
[EventDate "2021.06.12"]

1. e4 e6 2. d4 d5 3. Nc3 Bb4 4. e5 c5 5. a3 Bxc3+ 6. bxc3 Qa5 7. Bd2 Qa4 8. Qb1
c4 9. h4 Ne7 10. h5 h6 11. Nf3 Nbc6 12. g3 b6 13. Bh3 Bd7 14. O-O O-O-O 15. Ra2
g6 16. Qd1 Nf5 17. Nh2 Ng7 18. hxg6 fxg6 19. Ng4 Nf5 20. Nf6 Nce7 21. Qc1 g5 22.
Qd1 Be8 23. Nxe8 Rdxe8 24. Qh5 Ref8 25. Kg2 Qe8 26. Qxe8+ Rxe8 27. Rh1 Reg8 28.
Bg4 Rg7 29. a4 a6 30. Rb2 Kc7 31. Rbb1 Rgg8 32. Bc1 Kc6 33. Ba3 Rg7 34. Rh5 Rgh7
35. Rh2 Rg7 36. Rbh1 Rg6 37. Rh5 Kd7 38. Rb1 Rb8 39. Rhh1 Ng7 40. Bd6 Rb7 41.
Rh2 Ngf5 42. Ba3 Rb8 43. Rbh1 Rh8 44. Bh5 Rg7 45. Bg4 Rg6 46. Be2 Nc6 47. Rb1
Rb8 48. Bg4 Nce7 49. Rbh1 Rh8 1/2-1/2

[Event "Women's Speed Chess Main"]
[Site "chess.com INT"]
[Date "2021.06.20"]
[Round "1.15"]
[White "Mammadova, Gulnar"]
[Black "Hou, Yifan"]
[Result "0-1"]
[WhiteTitle "IM"]
[BlackTitle "GM"]
[WhiteElo "2382"]
[BlackElo "2658"]
[WhiteFideId "13403508"]
[BlackFideId "8602980"]
[EventDate "2021.06.12"]

1. e4 e6 2. Qe2 c5 3. g3 Nc6 4. Bg2 Nf6 5. e5 Nd5 6. c3 d6 7. exd6 Qxd6 8. Nf3
Be7 9. Na3 O-O 10. O-O b6 11. d4 cxd4 12. Nb5 Ba6 13. a4 dxc3 14. Qc2 Bxb5 15.
axb5 Ncb4 16. Qb3 Rac8 17. bxc3 Rxc3 18. Qb1 Rc7 19. Bd2 h6 20. Ra4 Rfc8 21. Rd1
Qc5 22. Bxb4 Nxb4 23. Nd4 Rd8 24. Nc6 Rxd1+ 25. Qxd1 a5 26. Qb1 Qxb5 27. Nxe7+
Rxe7 28. Ra3 Rc7 29. Bf1 Qc5 0-1

[Event "Women's Speed Chess Main"]
[Site "chess.com INT"]
[Date "2021.06.20"]
[Round "1.16"]
[White "Hou, Yifan"]
[Black "Mammadova, Gulnar"]
[Result "1-0"]
[WhiteTitle "GM"]
[BlackTitle "IM"]
[WhiteElo "2658"]
[BlackElo "2382"]
[WhiteFideId "8602980"]
[BlackFideId "13403508"]
[EventDate "2021.06.12"]

1. e4 e6 2. d4 d5 3. Nc3 Bb4 4. e5 c5 5. a3 Bxc3+ 6. bxc3 Qa5 7. Bd2 Qa4 8. Qg4
Kf8 9. Qd1 b6 10. Nf3 Ba6 11. Bxa6 Qxa6 12. a4 Ne7 13. h4 h6 14. a5 bxa5 15. h5
Nd7 16. Rh4 c4 17. Rf4 Ke8 18. Nh4 Rb8 19. Qf3 Rf8 20. Rg4 Rg8 21. Qg3 Kf8 22.
Rxg7 Rh8 23. Bc1 Rb6 24. Ba3 Qb7 25. Bxe7+ Kxe7 26. Ng6+ Kd8 27. Nxh8 Rb1+ 28.
Rxb1 Qxb1+ 29. Kd2 a4 30. Nxf7+ Kc7 31. Qh4 Kc6 32. Nd8+ 1-0

[Event "Women's Speed Chess Main"]
[Site "chess.com INT"]
[Date "2021.06.20"]
[Round "1.17"]
[White "Mammadova, Gulnar"]
[Black "Hou, Yifan"]
[Result "1/2-1/2"]
[WhiteTitle "IM"]
[BlackTitle "GM"]
[WhiteElo "2382"]
[BlackElo "2658"]
[WhiteFideId "13403508"]
[BlackFideId "8602980"]
[EventDate "2021.06.12"]

1. e4 e6 2. d4 d5 3. exd5 exd5 4. Bd3 Bd6 5. Ne2 Ne7 6. Bf4 Bxf4 7. Nxf4 Qd6 8.
Qd2 Nd7 9. Nc3 c6 10. Nce2 Nf6 11. Ng3 Ng6 12. Nxg6 hxg6 13. c3 Be6 14. h3 O-O-O
15. O-O-O Ne4 16. Nxe4 dxe4 17. Bxe4 Bxa2 18. Bb1 Bd5 19. f3 c5 20. dxc5 Qxc5
21. Qd4 Qxd4 22. Rxd4 Bb3 23. Rb4 Be6 24. Be4 b6 25. Kc2 Kc7 26. Ra4 a5 27. Raa1
Bc4 28. b3 Be6 29. f4 Rh4 30. Rhf1 g5 31. b4 Bc4 32. Rf2 Re8 33. Bd3 Bxd3+ 34.
Kxd3 Rxf4 35. Rxf4 gxf4 36. bxa5 Re3+ 37. Kd2 bxa5 38. Rxa5 Rg3 39. Ra7+ Kd6 40.
Rxf7 Rxg2+ 41. Kd3 g5 42. Ke4 Rg3 43. Rf5 Re3+ 44. Kd4 Rxh3 45. Rxg5 f3 1/2-1/2

[Event "Women's Speed Chess Main"]
[Site "chess.com INT"]
[Date "2021.06.20"]
[Round "1.21"]
[White "Hou, Yifan"]
[Black "Mammadova, Gulnar"]
[Result "1-0"]
[WhiteTitle "GM"]
[BlackTitle "IM"]
[WhiteElo "2658"]
[BlackElo "2382"]
[WhiteFideId "8602980"]
[BlackFideId "13403508"]
[EventDate "2021.06.12"]

1. e4 Nc6 2. Nc3 d6 3. d4 g6 4. Be3 Bg7 5. g3 Nf6 6. h3 O-O 7. Bg2 e5 8. Nge2
exd4 9. Nxd4 Bd7 10. O-O Re8 11. Qd2 Nxd4 12. Bxd4 Bc6 13. Rae1 d5 14. exd5 Rxe1
15. Rxe1 Bd7 16. g4 h6 17. Qf4 Nh7 18. Bxg7 Kxg7 19. Ne4 Ng5 20. Nc5 b6 21. Qe5+
Kh7 22. Nxd7 Qxd7 23. h4 f6 24. Qe7+ Qxe7 25. Rxe7+ 1-0

[Event "Women's Speed Chess Main"]
[Site "chess.com INT"]
[Date "2021.06.20"]
[Round "1.22"]
[White "Mammadova, Gulnar"]
[Black "Hou, Yifan"]
[Result "0-1"]
[WhiteTitle "IM"]
[BlackTitle "GM"]
[WhiteElo "2382"]
[BlackElo "2658"]
[WhiteFideId "13403508"]
[BlackFideId "8602980"]
[EventDate "2021.06.12"]

1. e4 e6 2. Qe2 c5 3. g3 Nc6 4. c3 d5 5. d3 Nf6 6. Bg2 Be7 7. Nf3 O-O 8. O-O b6
9. e5 Nd7 10. h4 a5 11. a4 Ba6 12. Bf4 b5 13. axb5 Bxb5 14. Na3 Ba6 15. Nc2 Qb6
16. Rab1 Rfb8 17. h5 Qd8 18. h6 g6 19. Rfe1 a4 20. Ne3 g5 21. Nxd5 gxf4 22. Nxf4
Kh8 23. Nh5 Bf8 24. Qe4 Bxh6 25. Nf6 Nxf6 26. exf6 Qxf6 27. Qxc6 Bb7 28. Qxc5
Bxf3 29. Re5 Bxg2 30. Kxg2 Bg7 31. Rh5 h6 32. d4 a3 33. b4 Qg6 34. Rbh1 a2 35.
Ra1 Rc8 36. Qd6 Qxh5 0-1

[Event "Women's Speed Chess Main"]
[Site "chess.com INT"]
[Date "2021.06.20"]
[Round "1.23"]
[White "Hou, Yifan"]
[Black "Mammadova, Gulnar"]
[Result "1-0"]
[WhiteTitle "GM"]
[BlackTitle "IM"]
[WhiteElo "2658"]
[BlackElo "2382"]
[WhiteFideId "8602980"]
[BlackFideId "13403508"]
[EventDate "2021.06.12"]

1. e4 e6 2. d4 d5 3. Nc3 Bb4 4. e5 c5 5. a3 Bxc3+ 6. bxc3 Qa5 7. Bd2 Qa4 8. Qg4
Kf8 9. Qd1 b6 10. Nf3 Ba6 11. Bxa6 Qxa6 12. h4 Nc6 13. h5 h6 14. dxc5 bxc5 15.
Be3 Qa5 16. O-O Nge7 17. Rb1 Qxc3 18. Qe2 Nxe5 19. Rb7 Nxf3+ 20. Qxf3 d4 21. Rb3
Rc8 22. Rxc3 dxc3 23. Qb7 f5 24. Rd1 Re8 25. Bxc5 1-0

[Event "Women's Speed Chess Main"]
[Site "chess.com INT"]
[Date "2021.06.20"]
[Round "1.24"]
[White "Mammadova, Gulnar"]
[Black "Hou, Yifan"]
[Result "1/2-1/2"]
[WhiteTitle "IM"]
[BlackTitle "GM"]
[WhiteElo "2382"]
[BlackElo "2658"]
[WhiteFideId "13403508"]
[BlackFideId "8602980"]
[EventDate "2021.06.12"]

1. e4 e6 2. d4 d5 3. exd5 exd5 4. Bd3 Bd6 5. Ne2 Ne7 6. Bf4 O-O 7. O-O Bf5 8.
Nbc3 c6 9. Bxf5 Nxf5 10. Qd3 g6 11. Bxd6 Qxd6 12. Ng3 Nxg3 13. hxg3 Nd7 14. Rfe1
Rfe8 15. Re3 Rxe3 16. Qxe3 Nf6 17. Re1 Re8 18. Qd2 Rxe1+ 19. Qxe1 Qb4 20. Qe5
Qxb2 21. Qxf6 Qxc3 22. Qe5 Qxc2 23. Qe8+ Kg7 24. Qe5+ Kf8 25. Qb8+ Kg7 26. Qe5+
Kh6 27. Qf4+ g5 28. Qd6+ Kg7 29. Qe5+ Kg6 30. Qd6+ f6 31. Qf8 Qd1+ 32. Kh2 Qxd4
33. Qg8+ Kf5 34. Qxh7+ Ke6 35. Qxb7 Qxf2 36. Qxc6+ Ke5 37. Qc7+ Ke4 38. Qe7+ Kd3
39. Qa3+ Ke4 40. Qe7+ Kd3 41. Qa3+ Ke2 42. Qb2+ Kf1 43. Qb1+ Qe1 44. Qf5+ Qf2
45. Qb1+ Qe1 46. Qf5+ Qf2 47. Qb1+ 1/2-1/2

[Event "Women's Speed Chess Main"]
[Site "chess.com INT"]
[Date "2021.06.20"]
[Round "1.25"]
[White "Hou, Yifan"]
[Black "Mammadova, Gulnar"]
[Result "1-0"]
[WhiteTitle "GM"]
[BlackTitle "IM"]
[WhiteElo "2658"]
[BlackElo "2382"]
[WhiteFideId "8602980"]
[BlackFideId "13403508"]
[EventDate "2021.06.12"]

1. e4 e6 2. d4 d5 3. Nc3 Bb4 4. e5 c5 5. a3 Bxc3+ 6. bxc3 Qa5 7. Bd2 Qa4 8. Nf3
Ne7 9. h4 b6 10. h5 h6 11. Rh4 c4 12. Rg4 Nf5 13. Rf4 Nc6 14. g4 Nfe7 15. Bh3
Bd7 16. Ra2 Rf8 17. g5 O-O-O 18. gxh6 gxh6 19. Kf1 Nf5 20. Nh4 Nce7 21. Nxf5
exf5 22. Rf3 Rh8 23. Rg3 Be6 24. Qc1 Qd7 25. Bf4 Rh7 26. a4 a6 27. Bg2 Kc7 28.
Ra1 Rg8 29. Bf3 Rxg3 30. fxg3 Ng8 31. Qb2 Ne7 32. Rb1 Nc8 33. Qa3 Qe7 34. Qc1
Qd7 35. a5 b5 36. Bxh6 Ne7 37. Bg5 Ng8 38. Kg2 Qe8 39. Qa3 f6 40. Qc5+ Kb8 41.
exf6 Ka8 42. Re1 Rb7 43. h6 Qf7 44. h7 Qxh7 45. Rxe6 f4 46. Re8+ Rb8 47. Bxd5+ 1-0

[Event "Women's Speed Chess Main"]
[Site "chess.com INT"]
[Date "2021.06.20"]
[Round "1.26"]
[White "Mammadova, Gulnar"]
[Black "Hou, Yifan"]
[Result "1/2-1/2"]
[WhiteTitle "IM"]
[BlackTitle "GM"]
[WhiteElo "2382"]
[BlackElo "2658"]
[WhiteFideId "13403508"]
[BlackFideId "8602980"]
[EventDate "2021.06.12"]

1. e4 e6 2. d4 d5 3. exd5 exd5 4. Bd3 Bd6 5. Ne2 Ne7 6. Bf4 O-O 7. O-O Bf5 8.
Bxf5 Nxf5 9. Qd3 g6 10. Nd2 Bxf4 11. Nxf4 Qd6 12. g3 c6 13. c3 Nd7 14. Rfe1 Rfe8
15. Kf1 Nf6 16. Rxe8+ Rxe8 17. Re1 Rxe1+ 18. Kxe1 Qe7+ 19. Qe2 Kf8 20. Qxe7+
Kxe7 21. Ke2 g5 22. Nd3 Nd6 23. Ne5 Nfe4 24. f3 Nxd2 25. Kxd2 f6 26. Nd3 1/2-1/2

[Event "Women's Speed Chess Main"]
[Site "chess.com INT"]
[Date "2021.06.20"]
[Round "1.27"]
[White "Hou, Yifan"]
[Black "Mammadova, Gulnar"]
[Result "1-0"]
[WhiteTitle "GM"]
[BlackTitle "IM"]
[WhiteElo "2658"]
[BlackElo "2382"]
[WhiteFideId "8602980"]
[BlackFideId "13403508"]
[EventDate "2021.06.12"]

1. e4 g6 2. d4 Bg7 3. Nc3 d6 4. Be3 a6 5. h4 h5 6. f3 b5 7. Qd2 Bb7 8. a4 b4 9.
Nd1 a5 10. c3 bxc3 11. bxc3 Nf6 12. Nh3 Nbd7 13. Rb1 Nb6 14. Bb5+ Nfd7 15. Ng5
e6 16. O-O O-O 17. Nf2 Ba6 18. Bxa6 Rxa6 19. Qd3 Ra8 20. c4 d5 21. cxd5 exd5 22.
e5 Nc4 23. e6 fxe6 24. Qxg6 Rf6 25. Qh7+ Kf8 26. Rfe1 Rb8 27. Rxb8 Qxb8 28. Qxh5
Nxe3 29. Rxe3 Qb1+ 30. Kh2 Ke7 31. Rxe6+ Rxe6 32. Qf7+ Kd8 33. Nxe6+ Kc8 34.
Qe8+ Kb7 35. Qxd7 Bh6 36. Qxc7+ Ka8 37. Qxa5+ Kb7 38. Qb5+ 1-0